| 000 | 01013cam a2200301 a 4500 | ||
|---|---|---|---|
| 001 | 3088682 | ||
| 003 | Ke-BoTe | ||
| 005 | 20220607113049.0 | ||
| 008 | 980701s1999 moua b 001 0 eng c | ||
| 010 | _a 98027917 | ||
| 020 | _a0815183925 | ||
| 040 |
_aDNLM/DLC _cDLC _dDLC |
||
| 050 | 0 | 0 |
_aRC954 _b.W58 1999 |
| 060 | 1 | 0 |
_aWY 152 _bW852b 1999 |
| 082 | 0 | 0 |
_a610.73/65 _221 |
| 100 | 1 |
_aWold, Gloria. _97772 |
|
| 245 | 1 | 0 |
_aBasic geriatric nursing / _cGloria Hoffmann Wold. |
| 250 | _a2nd ed. | ||
| 260 |
_aSt. Louis : _bMosby ; _cc1999. |
||
| 300 |
_aix, 387 p . : _bill . : _c28 cm. |
||
| 504 | _aIncludes bibliographical references and index. | ||
| 650 | 0 | _aGeriatric nursing. | |
| 650 | 1 | 2 |
_aGeriatric Nursing _xmethods. _97769 |
| 650 | 2 | 2 |
_aAging _vnurses' instruction. _97773 |
| 906 |
_a7 _bcbc _corignew _d1 _eocip _f19 _gy-gencatlg |
||
| 942 |
_2lcc _cBK _n0 |
||
| 999 |
_c3655 _d3655 |
||